000 00537nam a2200181Ia 4500
999 _c10986
_d10986
003 OSt
005 20201001151102.0
008 190216s9999||||xx |||||||||||||| ||und||
020 _a8177648225
040 _coclc
082 _a551.5773068
_bSHA/D
100 _aSharma, K D
_95287
245 0 _aDrought Management /
_cK D Sharma ; K S Ramasastri
260 _bAllied Publishers Limited,
_c2008.
_aNew Delhi:
300 _a396p
650 _aReferences
942 _cBK
_2ddc
_h551.5773068
_iSHA/D
_k551.5773068
_mSHA/D